000 00650cam a22002293a 4500
001 30241
003 PGUSA
005 20140828083643.0
008 091013s2009||||xxu|||||s|||||000 | eng d
040 _aPGUSA
_beng
042 _adc
050 4 _aBT
100 1 _aTorrey, R. A.
_q(Reuben Archer),
_d1856-1928
245 1 4 _aThe Person and Work of The Holy Spirit
_h[electronic resource] /
_cR. A. Torrey
260 _bProject Gutenberg,
_c2009
506 _aPublic domain in the USA.
516 _aElectronic text
653 _aHoly Spirit
830 0 _aProject Gutenberg
_v30241
856 4 0 _uhttp://www.gutenberg.org/ebooks/30241
942 _cEB
999 _c259496
_d259496